[Event "COL-ch U20"]
[Site "Florencia Caqueta"]
[Date "2024.10.06"]
[Round "7"]
[White "Pinilla Rozo, Maria Alejandra"]
[Black "Ramirez Ramirez, Anderson"]
[Result "0-1"]
[WhiteElo "1605"]
[BlackElo "2026"]
[PlyCount "106"]
[EventDate "2024.10.06"]
[EventType "swiss (blitz)"]
[EventRounds "9"]
[EventCountry "COL"]
[SourceTitle "CB44_2024"]
[Source "Chessbase"]
[SourceDate "2024.10.30"]
[SourceVersion "1"]
[SourceVersionDate "2024.10.30"]
[SourceQuality "1"]

1. d4 Nf6 2. c4 e6 3. Nf3 c5 4. d5 exd5 5. cxd5 d6 6. g3 Be7 7. Bg2 0-0 8. 0-0 Re8 9. Nc3 Na6 10. Re1 Bf8 11. e4 Nc7 12. Bg5 h6 13. Bxf6 Qxf6 14. Qe2 Bg4 15. h3 Bxf3 16. Qxf3 Qxf3 17. Bxf3 b5 18. a3 Rab8 19. Nd1 g6 20. Ne3 Bg7 21. Rab1 a5 22. a4 Bd4 23. axb5 Bxe3 24. Rxe3 Nxb5 25. Be2 Nd4 26. Bf1 Rb4 27. f4 f6 28. Bg2 Reb8 29. e5 dxe5 30. fxe5 fxe5 31. Rxe5 Rxb2 32. Rxb2 Rxb2 33. d6 Kf7 34. d7 Rb8 35. Rxc5 Rd8 36. Rxa5 Rxd7 37. Rd5 Rxd5 38. Bxd5+ Kf6 39. Kf2 Ke5 40. Bf7 Kf6 41. Bd5 Nf5 42. g4 Ne7 43. Bf3 Ke5 44. Kg3 g5 45. h4 Ng6 46. hxg5 hxg5 47. Bd1 Kd4 48. Bc2 Ne5 49. Bf5 Ke3 50. Kh3 Kf4 51. Bc8 Nd3 52. Bd7 Nf2+ 53. Kg2 Nd3 0-1

[Event "COL-ch U20"]
[Site "Florencia Caqueta"]
[Date "2024.10.06"]
[Round "1"]
[White "Ramirez Ramirez, Anderson"]
[Black "Duran Cardoso, Tomas"]
[Result "1-0"]
[WhiteElo "2026"]
[BlackElo "1750"]
[PlyCount "73"]
[EventDate "2024.10.06"]
[EventType "swiss (blitz)"]
[EventRounds "9"]
[EventCountry "COL"]
[SourceTitle "CB44_2024"]
[Source "Chessbase"]
[SourceDate "2024.10.30"]
[SourceVersion "1"]
[SourceVersionDate "2024.10.30"]
[SourceQuality "1"]

1. e4 c5 2. Nf3 d6 3. d4 cxd4 4. Nxd4 Nf6 5. Nc3 a6 6. Be3 e5 7. Nb3 Be6 8. Qd2 Be7 9. 0-0-0 Nc6 10. f3 0-0 11. g4 b5 12. h4 Qc7 13. Nd5 Bxd5 14. exd5 Nb8 15. Qa5 Qxa5 16. Nxa5 Nfd7 17. Bd3 Rc8 18. b4 Bd8 19. Nb7 Be7 20. a3 Rc7 21. Na5 Rc8 22. g5 Nf8 23. Bf5 Re8 24. Kb2 Nbd7 25. Nc6 Rac8 26. a4 bxa4 27. Ka3 Rc7 28. c4 Rb7 29. Bc2 f6 30. Bxa4 fxg5 31. hxg5 Ng6 32. c5 dxc5 33. Nxe7+ Rxe7 34. bxc5 Rb8 35. c6 Nb6 36. Bb3 Nf4 37. d6+ 1-0

[Event "Guillermo Garcia Memorial-D"]
[Site "Santa Clara"]
[Date "2024.05.21"]
[Round "9"]
[White "Ramirez Ramirez, Anderson"]
[Black "Alvarez Ruiz, Esteban"]
[Result "1-0"]
[WhiteElo "1849"]
[BlackElo "2053"]
[PlyCount "67"]
[EventDate "2024.05.14"]
[EventType "swiss"]
[EventRounds "9"]
[EventCountry "CUB"]
[SourceTitle "CBM 220 Extra"]
[Source "ChessBase"]
[SourceDate "2024.07.31"]
[SourceVersion "1"]
[SourceVersionDate "2024.07.31"]
[SourceQuality "1"]

1. e4 d6 2. d4 Nf6 3. Nc3 e5 4. dxe5 dxe5 5. Qxd8+ Kxd8 6. Bg5 Be6 7. 0-0-0+ Nbd7 8. f4 exf4 9. Bxf4 c6 10. Nf3 Bb4 11. Bd3 Kc8 12. Bd2 Ng4 13. Rhf1 Bxc3 14. bxc3 f6 15. Nd4 Bxa2 16. c4 Nge5 17. Nf5 g6 18. Ne3 b5 19. cxb5 Nxd3+ 20. cxd3 cxb5 21. Kb2 Be6 22. Bc3 Rf8 23. d4 a5 24. d5 Bg8 25. Ng4 f5 26. Nh6 Nb6 27. Bg7 Nc4+ 28. Ka1 Re8 29. e5 Kc7 30. Rde1 a4 31. Bf6 a3 32. Nxg8 Rxg8 33. d6+ Kc6 34. d7 1-0

[Event "Guillermo Garcia Memorial-D"]
[Site "Santa Clara"]
[Date "2024.05.17"]
[Round "5"]
[White "Ramirez Ramirez, Anderson"]
[Black "Acosta Guerrero, Yadel Alejandro"]
[Result "1/2-1/2"]
[WhiteElo "1849"]
[BlackElo "2086"]
[PlyCount "68"]
[EventDate "2024.05.14"]
[EventType "swiss"]
[EventRounds "9"]
[EventCountry "CUB"]
[SourceTitle "CBM 220 Extra"]
[Source "ChessBase"]
[SourceDate "2024.07.31"]
[SourceVersion "1"]
[SourceVersionDate "2024.07.31"]
[SourceQuality "1"]

1. e4 c5 2. Nf3 d6 3. d4 cxd4 4. Nxd4 Nf6 5. Nc3 a6 6. Be2 e5 7. Nb3 Be6 8. Bg5 Be7 9. Bxf6 Bxf6 10. Nd5 Bg5 11. 0-0 0-0 12. Qd3 f5 13. f4 fxe4 14. Qxe4 Bf5 15. Qb4 exf4 16. Nxf4 Qd7 17. Rad1 Nc6 18. Qxd6 Qxd6 19. Rxd6 Bxc2 20. Ne6 Be3+ 21. Kh1 Rxf1+ 22. Bxf1 Re8 23. Bc4 Kh8 24. h3 Ne5 25. Bd5 b6 26. Nbd4 Bd3 27. Nc6 Nc4 28. Rd7 Nd2 29. Nxg7 Rf8 30. Ne6 Nf1 31. Nxf8 Ng3+ 32. Kh2 Nf1+ 33. Kh1 Ng3+ 34. Kh2 Nf1+ 1/2-1/2

[Event "South America-ch"]
[Site "Lima"]
[Date "2023.09.21"]
[Round "8"]
[White "Quiroz Alva, Gian Carlo Gabriel"]
[Black "Ramirez Ramirez, Anderson"]
[Result "1-0"]
[WhiteElo "1668"]
[BlackElo "1780"]
[PlyCount "84"]
[EventDate "2023.09.14"]
[EventType "swiss"]
[EventRounds "9"]
[EventCountry "PER"]
[SourceTitle "CBM 216 Extra"]
[Source "ChessBase"]
[SourceDate "2023.11.30"]
[SourceVersion "1"]
[SourceVersionDate "2023.11.30"]
[SourceQuality "1"]

1. d4 Nf6 2. Bf4 g6 3. e3 Bg7 4. Nf3 d6 5. h3 0-0 6. Be2 Nbd7 7. 0-0 a5 8. a3 c6 9. c4 Qb6 10. Nc3 Re8 11. Na4 Qd8 12. Nc3 b6 13. Qc2 e5 14. Bh2 Bb7 15. Rfd1 Qe7 16. b4 h6 17. c5 dxc5 18. bxc5 bxc5 19. dxe5 Nd5 20. Ne4 Nxe5 21. Nxe5 Bxe5 22. Bxe5 Qxe5 23. Nxc5 Bc8 24. Bf3 Rb8 25. Bxd5 cxd5 26. Qd2 Rb5 27. Nd3 Qg5 28. a4 Rb3 29. Nf4 Bb7 30. Nxd5 Re5 31. f4 Rxd5 32. fxg5 Rxd2 33. Rxd2 hxg5 34. Kf2 Bc6 35. Raa2 Rb4 36. Rd4 Rb3 37. Rc2 Bb7 38. g4 Kg7 39. Rd7 Kf6 40. Rcc7 Rb2+ 41. Ke1 Be4 42. Rc6+ Ke5 1-0

[Event "South America-ch"]
[Site "Lima"]
[Date "2023.09.17"]
[Round "4"]
[White "Riojas Rebata, Oswaldo Andre"]
[Black "Ramirez Ramirez, Anderson"]
[Result "1/2-1/2"]
[WhiteElo "1438"]
[BlackElo "1780"]
[PlyCount "99"]
[EventDate "2023.09.14"]
[EventType "swiss"]
[EventRounds "9"]
[EventCountry "PER"]
[SourceTitle "CBM 216 Extra"]
[Source "ChessBase"]
[SourceDate "2023.11.30"]
[SourceVersion "1"]
[SourceVersionDate "2023.11.30"]
[SourceQuality "1"]

1. e4 e5 2. Nf3 Nc6 3. Bc4 Nf6 4. Nc3 Bc5 5. d3 0-0 6. Bg5 Bb4 7. 0-0 Bxc3 8. bxc3 d6 9. h3 Be6 10. Bxe6 fxe6 11. Re1 Qe7 12. Qe2 Rf7 13. Bd2 h6 14. Rab1 b6 15. d4 Raf8 16. d5 exd5 17. exd5 Na5 18. c4 Nb7 19. Be3 Ne4 20. Rb3 Nbc5 21. Bxc5 Nxc5 22. Re3 Qf6 23. Rf1 a5 24. Nd2 Qg6 25. Ne4 Nxe4 26. Rxe4 Rf4 27. f3 Kh7 28. a4 h5 29. Qd3 h4 30. Rf2 Kh6 31. Rfe2 Qg5 32. Rxf4 Rxf4 33. Re4 Rxe4 34. Qxe4 g6 35. c3 Qc1+ 36. Kf2 g5 37. Qf5 Qd2+ 38. Kf1 Qf4 39. Qe6+ Kh5 40. Qe8+ Kh6 41. Qh8+ Kg6 42. Qg8+ Kf6 43. Qf8+ Kg6 44. Qg8+ Kh6 45. Qh8+ Kg6 46. Qg8+ Kh6 47. Qh8+ Kg6 48. Qg8+ Kf6 49. Qf8+ Kg6 50. Qg8+ 1/2-1/2

[Event "Rivera Hernandez Memorial-B"]
[Site "Rivera Huila"]
[Date "2023.07.21"]
[Round "2"]
[White "Ramirez Ramirez, Anderson"]
[Black "Susunaga Duran, Madelen Fernanda"]
[Result "1-0"]
[WhiteElo "1777"]
[BlackElo "1197"]
[PlyCount "33"]
[EventDate "2023.07.20"]
[EventType "swiss"]
[EventRounds "7"]
[EventCountry "COL"]
[SourceTitle "CBM 215 Extra"]
[Source "ChessBase"]
[SourceDate "2023.09.30"]
[SourceVersion "1"]
[SourceVersionDate "2023.09.30"]
[SourceQuality "1"]

1. e4 e6 2. d4 d5 3. Nc3 Nf6 4. Bg5 Be7 5. Bxf6 Bxf6 6. Nf3 0-0 7. Qd2 c6 8. 0-0-0 b5 9. Bd3 a5 10. h4 Qb6 11. e5 Be7 12. Ne2 b4 13. Nf4 b3 14. cxb3 a4 15. Bxh7+ Kh8 16. Bb1 g6 17. Nxg6+ 1-0

[Event "Rivera Hernandez Memorial-B"]
[Site "Rivera Huila"]
[Date "2023.07.20"]
[Round "1"]
[White "Aguilar Castro, Jordy Steeven"]
[Black "Ramirez Ramirez, Anderson"]
[Result "0-1"]
[WhiteElo "1565"]
[BlackElo "1777"]
[PlyCount "68"]
[EventDate "2023.07.20"]
[EventType "swiss"]
[EventRounds "7"]
[EventCountry "COL"]
[SourceTitle "CBM 215 Extra"]
[Source "ChessBase"]
[SourceDate "2023.09.30"]
[SourceVersion "1"]
[SourceVersionDate "2023.09.30"]
[SourceQuality "1"]

1. e4 c5 2. d4 cxd4 3. Qxd4 Nc6 4. Qe3 Nf6 5. Nc3 g6 6. Bc4 Bg7 7. Nge2 0-0 8. 0-0 d6 9. h3 Bd7 10. a4 Rc8 11. Bb3 Qc7 12. f4 e6 13. Qg3 Nh5 14. Qf2 Qa5 15. Be3 Kh8 16. Rad1 Rfd8 17. Rxd6 Bf8 18. Rdd1 Ng7 19. f5 gxf5 20. Qh4 Bc5 21. Bxc5 Qxc5+ 22. Kh1 Qe7 23. Qh6 Rg8 24. Rf4 f6 25. Rh4 Ne8 26. exf5 Ne5 27. fxe6 Bc6 28. Bd5 Qg7 29. Nf4 Bxd5 30. Rxd5 Qxh6 31. Rxh6 Kg7 32. Rh4 Nc7 33. Rd1 Rce8 34. Ne4 f5 0-1

[Event "COL-chT Blitz"]
[Site "Santa Marta"]
[Date "2022.11.07"]
[Round "9.3"]
[White "Ramirez Ramirez, Anderson"]
[Black "Mateus, Alejandro"]
[Result "0-1"]
[WhiteElo "1963"]
[BlackElo "2202"]
[PlyCount "88"]
[EventDate "2022.11.07"]
[EventType "team-swiss"]
[EventRounds "9"]
[EventCountry "COL"]
[SourceTitle "CBM 211 Extra"]
[Source "ChessBase"]
[SourceDate "2023.01.31"]
[SourceVersion "1"]
[SourceVersionDate "2023.01.31"]
[SourceQuality "1"]
[WhiteTeam "Caqueta"]
[BlackTeam "Valle II"]
[WhiteTeamCountry "COL"]
[BlackTeamCountry "COL"]

1. e4 d6 2. Nf3 Nf6 3. Nc3 c6 4. d4 Bg4 5. Be2 e6 6. 0-0 d5 7. exd5 cxd5 8. Bf4 Nc6 9. Qd3 Bd6 10. Bxd6 Qxd6 11. a3 0-0 12. Rad1 Rfc8 13. h3 Bxf3 14. Bxf3 Na5 15. Na4 Nc4 16. Qb3 b6 17. Rfe1 Qf4 18. g3 Qh6 19. Kg2 Nd2 20. Qd3 Nxf3 21. Kxf3 Qxh3 22. Nc3 h6 23. Rh1 Qg4+ 24. Kg2 a6 25. Rd2 b5 26. f3 Qg5 27. Ne2 Nd7 28. c3 Rab8 29. Nf4 a5 30. Re2 b4 31. axb4 axb4 32. Rh5 Qf6 33. Rh1 bxc3 34. bxc3 Rb3 35. Rc1 Qd8 36. Rec2 Nb6 37. Re1 Nc4 38. Rce2 Rcb8 39. Nxe6 fxe6 40. Rxe6 Rb2+ 41. Kh3 Nd6 42. Qg6 R2b6 43. g4 Qf8 44. Kg3 Nc4 0-1

[Event "COL-chT Blitz"]
[Site "Santa Marta"]
[Date "2022.11.07"]
[Round "7.3"]
[White "Zabaleta Mora, Luis Angel"]
[Black "Ramirez Ramirez, Anderson"]
[Result "0-1"]
[WhiteElo "1870"]
[BlackElo "1963"]
[PlyCount "101"]
[EventDate "2022.11.07"]
[EventType "team-swiss"]
[EventRounds "9"]
[EventCountry "COL"]
[SourceTitle "CBM 211 Extra"]
[Source "ChessBase"]
[SourceDate "2023.01.31"]
[SourceVersion "1"]
[SourceVersionDate "2023.01.31"]
[SourceQuality "1"]
[WhiteTeam "Cordoba"]
[BlackTeam "Caqueta"]
[WhiteTeamCountry "COL"]
[BlackTeamCountry "COL"]

1. e4 c5 2. Nf3 d6 3. d4 cxd4 4. Qxd4 Nc6 5. Qe3 g6 6. Be2 Bg7 7. 0-0 Nf6 8. h3 0-0 9. c4 Qa5 10. Nc3 Be6 11. Bd2 Rac8 12. Nd5 Qd8 13. Rfd1 h6 14. Rac1 Nd7 15. b4 b6 16. Bc3 Bxc3 17. Qxc3 Nde5 18. Nd2 f6 19. Nf4 Bf7 20. Nd5 Nb8 21. Qe3 Kg7 22. f4 Nec6 23. a3 Nd7 24. Bg4 e6 25. Nc3 f5 26. Bf3 Qe7 27. Nb3 Rfd8 28. b5 Ncb8 29. exf5 gxf5 30. Nd5 Qh4 31. Nb4 Nc5 32. Nd4 Qf6 33. Ndc6 Nxc6 34. Nxc6 Rd7 35. Rd2 e5 36. fxe5 dxe5 37. Rxd7 Nxd7 38. Nxa7 Rxc4 39. Rxc4 Bxc4 40. Qd2 Nc5 41. Bc6 e4 42. Nc8 f4 43. Nxb6 e3 44. Qe1 Bxb5 45. Bxb5 Qxb6 46. a4 Nb3 47. Qh4 e2+ 48. Kh1 Qe3 49. Qe1 f3 50. Qg3+ Kf8 51. Qb8+ 0-1

[Event "COL-chT"]
[Site "Santa Marta"]
[Date "2022.11.05"]
[Round "7.1"]
[White "Ramirez Ramirez, Anderson"]
[Black "Sierra Fonseca, Edwin Andres"]
[Result "1/2-1/2"]
[WhiteElo "1724"]
[BlackElo "2159"]
[PlyCount "83"]
[EventDate "2022.11.02"]
[EventType "team-swiss"]
[EventRounds "7"]
[EventCountry "COL"]
[SourceTitle "CBM 211 Extra"]
[Source "ChessBase"]
[SourceDate "2023.01.31"]
[SourceVersion "1"]
[SourceVersionDate "2023.01.31"]
[SourceQuality "1"]
[WhiteTeam "Caqueta"]
[BlackTeam "Casanare"]
[WhiteTeamCountry "COL"]
[BlackTeamCountry "COL"]

1. e4 e5 2. Nf3 Nf6 3. Nc3 Bb4 4. Nxe5 0-0 5. Be2 Re8 6. Nd3 Bxc3 7. dxc3 Nxe4 8. 0-0 Nc6 9. Bf3 d6 10. Re1 Bf5 11. g3 Qd7 12. Be3 h6 13. Bg2 Nf6 14. f3 Re7 15. Qd2 Rae8 16. Bf2 Bxd3 17. cxd3 Qf5 18. Rxe7 Rxe7 19. d4 Qd5 20. Qc2 Qe6 21. b3 Qe2 22. Rc1 a6 23. h3 Qb5 24. c4 Qg5 25. h4 Qa5 26. Qc3 Qxc3 27. Rxc3 Re2 28. a3 Rd2 29. d5 Ne5 30. Be3 Ra2 31. a4 b6 32. Bd4 Nfd7 33. Bh3 Nc5 34. Bxc5 bxc5 35. f4 Ng6 36. h5 Ne7 37. Bd7 a5 38. Re3 Kf8 39. g4 Rb2 40. f5 Rb1+ 41. Kg2 Rb2+ 42. Kg3 1/2-1/2

[Event "COL-chT Rapid"]
[Site "Santa Marta"]
[Date "2022.11.04"]
[Round "4.3"]
[White "Ramirez Ramirez, Anderson"]
[Black "Herrera, Juan Sebastian"]
[Result "0-1"]
[WhiteElo "1757"]
[BlackElo "2328"]
[PlyCount "106"]
[EventDate "2022.11.02"]
[EventType "team-swiss"]
[EventRounds "7"]
[EventCountry "COL"]
[SourceTitle "CBM 211 Extra"]
[Source "ChessBase"]
[SourceDate "2023.01.31"]
[SourceVersion "1"]
[SourceVersionDate "2023.01.31"]
[SourceQuality "1"]
[WhiteTeam "Caqueta"]
[BlackTeam "Valle"]
[WhiteTeamCountry "COL"]
[BlackTeamCountry "COL"]

1. e4 g6 2. Nf3 Bg7 3. d4 d6 4. Bc4 a6 5. a4 e6 6. 0-0 Ne7 7. Qe2 0-0 8. c3 h6 9. Re1 b6 10. Nbd2 Bb7 11. Nf1 c5 12. Bf4 cxd4 13. cxd4 d5 14. exd5 Nxd5 15. Bg3 Nc6 16. Rad1 Na5 17. Ne3 Nxe3 18. fxe3 Nxc4 19. Qxc4 Qd7 20. Qb4 Be4 21. Rc1 b5 22. Rc7 Qd5 23. Rc5 Qb7 24. Kf2 Rfc8 25. Rxc8+ Rxc8 26. axb5 axb5 27. Re2 g5 28. h3 Qd5 29. Qd6 Qf5 30. Qd7 Rc1 31. Qe8+ Kh7 32. Re1 Bc6 33. Qd8 Rxe1 34. Kxe1 Bxf3 35. gxf3 Qb1+ 36. Kf2 Qxb2+ 37. Kf1 Qc1+ 38. Kg2 Qxe3 39. Bf2 Qf4 40. Qd7 Qf5 41. d5 Qxd5 42. Qxf7 b4 43. Be1 Qc4 44. Bxb4 Qxb4 45. Qxe6 Qd2+ 46. Kg3 Qf4+ 47. Kg2 Qe5 48. Qd7 Kg6 49. Qc6+ Bf6 50. Qc2+ Kg7 51. Qd3 Be7 52. Qd7 h5 53. h4 gxh4 0-1

[Event "COL-chT Rapid"]
[Site "Santa Marta"]
[Date "2022.11.03"]
[Round "3.3"]
[White "Ramirez Ramirez, Anderson"]
[Black "Escobar Medina, Andres F"]
[Result "1/2-1/2"]
[WhiteElo "1757"]
[BlackElo "2234"]
[PlyCount "103"]
[EventDate "2022.11.02"]
[EventType "team-swiss"]
[EventRounds "7"]
[EventCountry "COL"]
[SourceTitle "CBM 211 Extra"]
[Source "ChessBase"]
[SourceDate "2023.01.31"]
[SourceVersion "1"]
[SourceVersionDate "2023.01.31"]
[SourceQuality "1"]
[WhiteTeam "Caqueta"]
[BlackTeam "Antioquia"]
[WhiteTeamCountry "COL"]
[BlackTeamCountry "COL"]

1. e4 g6 2. Nf3 Bg7 3. d4 d6 4. Bc4 Nf6 5. Qe2 0-0 6. 0-0 c6 7. c3 d5 8. exd5 Nxd5 9. Re1 Bg4 10. Nbd2 e6 11. h3 Bxf3 12. Nxf3 Nd7 13. Bxd5 cxd5 14. Bf4 Qa5 15. Bd6 Rfc8 16. Be5 Nxe5 17. Nxe5 Rc7 18. Kf1 b5 19. Nd3 Bf8 20. a3 Qb6 21. Ne5 a5 22. Qf3 Rac8 23. Re3 b4 24. axb4 axb4 25. Rd1 Bg7 26. Ng4 bxc3 27. bxc3 Qb3 28. Rdd3 h5 29. Ne5 Bxe5 30. dxe5 Qb1+ 31. Re1 Qb2 32. Re2 Qa3 33. Ree3 Qa1+ 34. Rd1 Qb2 35. Rdd3 Qb1+ 36. Rd1 Qb3 37. Rdd3 Qa4 38. Kg1 Rc4 39. g3 Re4 40. Kg2 Rxe3 41. Rxe3 Qc2 42. g4 hxg4 43. hxg4 Rc4 44. Kg3 Qc1 45. Kh2 Qd2 46. Qf6 Rxc3 47. Qd8+ Kh7 48. Qh4+ Kg8 49. Qd8+ Kh7 50. Qh4+ Kg8 51. Qd8+ Kh7 52. Qh4+ 1/2-1/2

[Event "COL-chT"]
[Site "Santa Marta"]
[Date "2022.11.03"]
[Round "2.2"]
[White "Ramirez Ramirez, Anderson"]
[Black "Torres, Juan Camilo"]
[Result "0-1"]
[WhiteElo "1724"]
[BlackElo "2304"]
[PlyCount "72"]
[EventDate "2022.11.02"]
[EventType "team-swiss"]
[EventRounds "7"]
[EventCountry "COL"]
[SourceTitle "CBM 211 Extra"]
[Source "ChessBase"]
[SourceDate "2023.01.31"]
[SourceVersion "1"]
[SourceVersionDate "2023.01.31"]
[SourceQuality "1"]
[WhiteTeam "Caqueta"]
[BlackTeam "Caldas"]
[WhiteTeamCountry "COL"]
[BlackTeamCountry "COL"]

1. e4 c5 2. Nf3 e6 3. d4 cxd4 4. Nxd4 a6 5. c4 Nf6 6. Nc3 Qc7 7. a3 b6 8. Be3 Bb7 9. f3 h5 10. Rc1 Be7 11. Be2 d6 12. Qd2 Nbd7 13. 0-0 0-0 14. Rfd1 Rac8 15. Kh1 Rfe8 16. b3 Qb8 17. Qa2 Bd8 18. Bf2 Bc7 19. Bg3 Nf8 20. Qd2 Ng6 21. Nc2 Rcd8 22. Ne3 h4 23. Bf2 d5 24. cxd5 Bxh2 25. Qb2 Bg3 26. dxe6 fxe6 27. Rxd8 Rxd8 28. Bc4 Kf7 29. b4 Qe5 30. Bf1 b5 31. Bg1 Bf4 32. Qa2 Qg5 33. Rd1 Nh5 34. Ne2 Ng3+ 35. Nxg3 hxg3 36. Rxd8 Qh4+ 0-1

[Event "COL Subzt 2.3.4"]
[Site "Risarald"]
[Date "2021.11.27"]
[Round "8"]
[White "Mena Mayo, Jairo"]
[Black "Ramirez Ramirez, Anderson"]
[Result "1-0"]
[WhiteElo "1822"]
[BlackElo "1668"]
[PlyCount "73"]
[EventDate "2021.11.23"]
[EventType "swiss"]
[EventRounds "9"]
[EventCountry "COL"]
[SourceTitle "CBM 205 Extra"]
[Source "ChessBase"]
[SourceDate "2022.01.31"]
[SourceVersion "1"]
[SourceVersionDate "2022.01.31"]
[SourceQuality "1"]

1. e4 c6 2. f4 d5 3. e5 Bf5 4. Nf3 e6 5. d4 Be7 6. Bd3 Nh6 7. 0-0 c5 8. c3 Nc6 9. Be3 Ng4 10. Qe2 Nxe3 11. Qxe3 Bxd3 12. Qxd3 Qb6 13. Nbd2 g6 14. Kh1 cxd4 15. Nxd4 Nxd4 16. cxd4 h5 17. Rac1 Kd7 18. Rc3 Rhc8 19. Rb3 Qc6 20. g3 Rab8 21. Kg2 Qc2 22. Qb5+ Rc6 23. Rc3 Qxd2+ 24. Rf2 Qxd4 25. Rxc6 bxc6 26. Qxb8 Bc5 27. Rf3 Qd2+ 28. Kh3 Bg1 29. Qd6+ Ke8 30. Kh4 Qxh2+ 31. Kg5 Bb6 32. Kf6 Bd8+ 33. Kg7 Qc2 34. Rb3 g5 35. Qf8+ Kd7 36. Qxf7+ Kc8 37. Qb7# 1-0

[Event "COL Subzt 2.3.4"]
[Site "Risarald"]
[Date "2021.11.26"]
[Round "7"]
[White "Ramirez Ramirez, Anderson"]
[Black "Buitrago Grajales, Juan Carlos"]
[Result "0-1"]
[WhiteElo "1668"]
[BlackElo "1934"]
[PlyCount "120"]
[EventDate "2021.11.23"]
[EventType "swiss"]
[EventRounds "9"]
[EventCountry "COL"]
[SourceTitle "CBM 205 Extra"]
[Source "ChessBase"]
[SourceDate "2022.01.31"]
[SourceVersion "1"]
[SourceVersionDate "2022.01.31"]
[SourceQuality "1"]

1. e4 e5 2. Nf3 Nc6 3. Bc4 Bc5 4. 0-0 Nf6 5. b4 Bxb4 6. c3 Be7 7. d4 d6 8. Qe2 0-0 9. Rd1 Bg4 10. h3 Bxf3 11. Qxf3 Nd7 12. Qg4 Bf6 13. Be3 Qe7 14. Na3 Rfe8 15. d5 Ncb8 16. Nc2 Nf8 17. Rab1 b6 18. Bb5 Rd8 19. Nb4 a5 20. Nc6 Nxc6 21. Bxc6 Rab8 22. Rb5 Ng6 23. g3 h6 24. h4 Kh7 25. h5 Nf8 26. f3 Kh8 27. Kg2 Nh7 28. Rb2 Bg5 29. Bf2 g6 30. hxg6 fxg6 31. Rh1 Kg7 32. Re2 Nf6 33. Qh3 Nh5 34. Be1 Rf8 35. c4 Rf7 36. Rf1 Rbf8 37. Rc2 Be3 38. Qh1 Qg5 39. Qh4 Nf4+ 40. Kh2 Qxh4+ 41. gxh4 Nd3 42. Re2 Rxf3 43. Rxf3 Rxf3 44. Kg2 Nxe1+ 45. Rxe1 Rf2+ 46. Kg3 Bc5 47. a4 Rc2 48. Rf1 Rxc4 49. Be8 Rxe4 50. Rf7+ Kg8 51. Rxc7 Rf4 52. h5 gxh5 53. Bxh5 Rxa4 54. Bf7+ Kf8 55. Be6 Rf4 56. Rh7 a4 57. Rxh6 a3 58. Rh8+ Kg7 59. Ra8 b5 60. Rg8+ Kh7 0-1

[Event "Ibague op"]
[Site "Ibague"]
[Date "2021.10.23"]
[Round "7"]
[White "Ramirez Ramirez, Anderson"]
[Black "Gomez Leon, Nicolas"]
[Result "1-0"]
[WhiteElo "1639"]
[BlackElo "1445"]
[PlyCount "59"]
[EventDate "2021.10.20"]
[EventType "swiss"]
[EventRounds "9"]
[EventCountry "COL"]
[SourceTitle "CBM 204 Extra"]
[Source "ChessBase"]
[SourceDate "2021.11.30"]
[SourceVersion "1"]
[SourceVersionDate "2021.11.30"]
[SourceQuality "1"]

1. e4 e5 2. Nf3 Nc6 3. Bc4 Bc5 4. c3 Nf6 5. d4 exd4 6. e5 Ng8 7. cxd4 Bb4+ 8. Nc3 d5 9. Bb5 Nge7 10. 0-0 Bg4 11. h3 Bh5 12. g4 Bg6 13. Qa4 0-0 14. Bg5 f6 15. exf6 gxf6 16. Bh6 Rf7 17. Bxc6 Nxc6 18. Rfe1 a6 19. Re6 Bd3 20. Rxc6 bxc6 21. Qxb4 Rb8 22. Qa3 f5 23. g5 Bc4 24. Ne5 Rd7 25. Nxd7 Qxd7 26. Na4 f4 27. Qf3 Qf7 28. Re1 Rb4 29. b3 Bb5 30. Qg4 1-0

[Event "Florencia Caqueta-ch"]
[Site "Florencia"]
[Date "2021.04.01"]
[Round "4"]
[White "Ramirez Ramirez, Anderson"]
[Black "Gomez Barrero, Sergio"]
[Result "1/2-1/2"]
[WhiteElo "1542"]
[BlackElo "1998"]
[PlyCount "58"]
[EventDate "2021.03.30"]
[EventType "swiss"]
[EventRounds "6"]
[EventCountry "COL"]
[SourceTitle "EXT 2022"]
[Source "ChessBase"]
[SourceDate "2021.10.06"]
[SourceVersion "1"]
[SourceVersionDate "2021.10.06"]
[SourceQuality "1"]

1. d4 g6 2. Nf3 Bg7 3. c4 c5 4. d5 b5 5. e4 bxc4 6. Bxc4 d6 7. 0-0 Nf6 8. Nc3 0-0 9. h3 Nbd7 10. Be3 Rb8 11. Qc2 Nb6 12. Be2 Bd7 13. Rfd1 Ne8 14. a4 a5 15. Bf4 Nc7 16. Bg3 f6 17. Kh2 Qc8 18. Rd2 Na6 19. Ne1 Nb4 20. Qd1 f5 21. exf5 Bxf5 22. Bb5 Nd7 23. Re2 Nf6 24. Kg1 c4 25. Bh4 h6 26. Bxf6 Bxf6 27. Ne4 Be5 28. Qd2 Kh7 29. Nf3 Bg7 1/2-1/2

[Event "Florencia Caqueta-ch"]
[Site "Florencia"]
[Date "2021.04.01"]
[Round "3"]
[White "Valencia Martinez, Gilberto"]
[Black "Ramirez Ramirez, Anderson"]
[Result "0-1"]
[WhiteElo "1494"]
[BlackElo "1542"]
[PlyCount "100"]
[EventDate "2021.03.30"]
[EventType "swiss"]
[EventRounds "6"]
[EventCountry "COL"]
[SourceTitle "EXT 2022"]
[Source "ChessBase"]
[SourceDate "2021.10.06"]
[SourceVersion "1"]
[SourceVersionDate "2021.10.06"]
[SourceQuality "1"]

1. d4 c5 2. e3 Nf6 3. c4 g6 4. Nf3 Bg7 5. Nc3 cxd4 6. exd4 0-0 7. Be3 d5 8. cxd5 Nxd5 9. Nxd5 Qxd5 10. b3 Nc6 11. Bc4 Qa5+ 12. Bd2 Qd8 13. Bc3 Bg4 14. Qd3 Bxf3 15. gxf3 Nxd4 16. 0-0-0 Nc6 17. Bxg7 Qxd3 18. Rxd3 Kxg7 19. h4 Ne5 20. Re3 Nxc4 21. bxc4 Rac8 22. Re4 b5 23. h5 e6 24. hxg6 hxg6 25. Rhh4 Rc5 26. Kb2 bxc4 27. Rxc4 Rb8+ 28. Kc3 Rxc4+ 29. Rxc4 Rb5 30. a4 Rf5 31. f4 Kf6 32. f3 a6 33. Rb4 Rc5+ 34. Kd4 Rf5 35. Ke4 g5 36. fxg5+ Kxg5 37. Ke3 Rd5 38. Rb6 Ra5 39. Rb4 e5 40. f4+ exf4+ 41. Rxf4 Re5+ 42. Kf3 Rf5 43. Rxf5+ Kxf5 44. Ke3 Kg4 45. Kd4 f5 46. Kc5 f4 47. Kb6 f3 48. Kxa6 f2 49. Kb7 f1Q 50. a5 Qb5+ 0-1